| 000 | 00578nam a2200217Ia 4500 | ||
|---|---|---|---|
| 008 | 170203s9999 xx 000 0 und d | ||
| 020 | _a 0-671025481 | ||
| 050 | _aFic. | ||
| 050 | _b.K26c 1999 | ||
| 100 | _aKeene, Carolyn. | ||
| 245 | 4 | _aThe clue of the gold doubloons / | |
| 245 | _cCarolyn Keene. | ||
| 260 | _aNew York : | ||
| 260 | _bAladdin Paperpacks. | ||
| 260 | _c1999 | ||
| 300 | _a151 pages; | ||
| 300 | _c20 cm. | ||
| 440 | _aNancy Drew mystery stories ; 149 | ||
| 650 | _a Detective and mystery stories. | ||
| 650 | _aMystery and detective stories. | ||
| 999 |
_c306120 _d306120 |
||